000
00243nam a22001097a 4500
999
_c
5048
_d
5048
008
250516b ||||| |||| 00| 0 eng d
020
_a
9781534524019
082
_a
962.05 CAV
100
_a
CAVELL,STEFFI
_e
AUTHOR
245
_a
EGYPT
942
_2
ddc